సృష్టిలో తీయనిది ! / (Record no. 282983)

MARC details
000 -LEADER
fixed length control field 01429nam a2200361 a 4500
001 - CONTROL NUMBER
control field vtls000324443
003 - CONTROL NUMBER IDENTIFIER
control field NLI
005 - DATE AND TIME OF LATEST TRANSACTION
control field 20210602144917.0
008 - FIXED-LENGTH DATA ELEMENTS--GENERAL INFORMATION
fixed length control field 110105s2003 ii g 000 j tel d
020 ## - INTERNATIONAL STANDARD BOOK NUMBER
Terms of availability Rs.70.00
039 #9 - LEVEL OF BIBLIOGRAPHIC CONTROL AND CODING DETAIL [OBSOLETE]
Level of rules in bibliographic description 201609071652
Level of effort used to assign nonsubject heading access points sivakotis
Level of effort used to assign subject headings 201103232203
Level of effort used to assign classification Telugu1
-- 201101052113
-- Telugu1
040 #0 - CATALOGING SOURCE
Original cataloging agency NIL
Language of cataloging tel
Transcribing agency Telugu Division
041 0# - LANGUAGE CODE
Language code of text/sound track or separate title tel
044 ## - COUNTRY OF PUBLISHING/PRODUCING ENTITY CODE
MARC country code ii
082 04 - DEWEY DECIMAL CLASSIFICATION NUMBER
Classification number 894.827 301
Edition number 22
100 1# - MAIN ENTRY--PERSONAL NAME
Linkage 880-01
Personal name జయప్రద సోమిరెడ్డి, పెళ్ళకూరు.
245 10 - TITLE STATEMENT
Linkage 880-02
Title సృష్టిలో తీయనిది ! /
Statement of responsibility, etc. పెళ్ళకూరు జయప్రద సోమిరెడ్డి
260 ## - PUBLICATION, DISTRIBUTION, ETC.
Place of publication, distribution, etc. నెల్లూరు :
Name of publisher, distributor, etc. వంశీ పబ్లికేషన్స్,
Date of publication, distribution, etc. 2003.
300 ## - PHYSICAL DESCRIPTION
Extent 158p. ;
Dimensions 21 cm.
650 #0 - SUBJECT ADDED ENTRY--TOPICAL TERM
Topical term or geographic name entry element Telugu literature
9 (RLIN) 152465
700 1# - ADDED ENTRY--PERSONAL NAME
Linkage 880-03
880 1# - ALTERNATE GRAPHIC REPRESENTATION
Linkage 100-01/ (B
a Jayaprada Sōmireḍḍi, Peḷḷakūri
c Dr.
880 10 - ALTERNATE GRAPHIC REPRESENTATION
Linkage 245-02/ (B
a Sruṣtilo Tīyanidi /
c Pellakūru Jayaprada Sōmireḍḍi
880 10 - ALTERNATE GRAPHIC REPRESENTATION
Linkage 700-03/ (B
887 ## - NON-MARC INFORMATION FIELD
Content of non-MARC field sivakrishna
901 ## - LOCAL DATA ELEMENT A, LDA (RLIN)
a 32914
b 12.06.09
902 ## - LOCAL DATA ELEMENT B, LDB (RLIN)
a Te 894.827301 J 585 sh
904 ## - LOCAL DATA ELEMENT D, LDD (RLIN)
a sivakrishna
949 ## - LOCAL PROCESSING INFORMATION (OCLC)
-- VIRTUAITEM
-- 10005
-- 100
6 DBA000032914TEL
e DBA000032914TEL
942 ## - ADDED ENTRY ELEMENTS (KOHA)
Source of classification or shelving scheme Dewey Decimal Classification
Koha item type Books
Holdings
Withdrawn status Lost status Damaged status Not for loan Collection code Home library Current library Shelving location Date acquired Total Checkouts Full call number Barcode Date last seen Price effective from Koha item type
        Telegu National Library of India National Library of India Telegu - Book - Main Stack Division     Te 894.827301 J 585 sh DBA000032914TEL 02/06/2021 02/06/2021 Books
                                                                           
web counter

Copyright ©2020 The National Library of India, Govt. of India ↔ Hosted by NVLI, MOC ↔ Technology and Design by National Library of India, Ministry of Culture, Govt. of India